Kto Zagrał na Euro 2024? #16: AUSTRIA - Statystyki

Ogólne statystyki
  • Ten quiz został rozwiązany 29 razy
  • Średni wynik to 6 z 11
Statystyki odpowiedzi
Pozycja Klub Zawodnik % Poprawnych
LP Dortmund Marcel Sabitzer
89%
N Inter Marko Arnautovic
89%
ŚPO Bayern Konrad Laimer
78%
PP Lipsk Christoph Baumgartner
63%
ŚO Lens Kevin Danso
52%
PO Bologna Stefan Posch
48%
BR Broendby Patrick Pentz
37%
ŚP Lipsk Nicolas Seiwald
33%
LO Mainz Philipp Mwene
33%
ŚP Hoffenheim Florian Grillitsch
30%
ŚO Freiburg Philipp Lienhart
30%
Nie znaleziono quizów pasujących do podanych kryteriów
Rozkład punktacji
Procent ludzi z każdym wynikiem
Percentyl według liczby udzielonych odpowiedzi
Twoja historia wyników
Nie rozwiązałeś tego quizu